000 00623nam a2200181Ia 4500
008 100917s9999 xx 000 0 und d
082 _b36533
100 _aगाताडे प्रभाकर
245 _aचिट्टी, चिट्टी बॅंग बँग
260 _bअनमोल प्रकाशन
_c1978
300 _a88
365 _b4
520 _aबालविभाग
630 _aचिट्टी, चिट्टी बॅंग बँग
650 _aबालविभाग
730 _aचिट्टी, चिट्टी बॅंग बँग
942 _cBOOK
999 _c641927
_d641924